000 00655nam a2200181Ia 4500
008 090124s9999 xx 000 0 und d
082 _b32840
100 _aभडकमकर अभिराम
245 _a ज्याचा त्याचा प्रश्न
250 _a1
260 _bकॉन्टिनेन्टल प्रकाशन
_c1995
300 _a4+75
600 _aभडकमकर अभिराम
630 _a ज्याचा त्याचा प्रश्न
700 _aभडकमकर अभिराम
730 _a ज्याचा त्याचा प्रश्न
942 _cBOOK
999 _c98792
_d98792